Phát triển kinh tế thị trường

保存先:
書誌詳細
第一著者: PhạmThảo
フォーマット: 図書
言語:Vietnamese
出版事項: Lý luận chính trị 2005
タグ: タグ追加
タグなし, このレコードへの初めてのタグを付けませんか!
Thư viện lưu trữ: Mạng thư viện Đại học Đà Nẵng
LEADER 00640nam a2200277 4500
001 000026840
003 891
005 20150325120000.0
008 150325s vm 000 vie
020 |c 35,0000 
040 |a NOTTS 
100 |a PhạmThảo 
245 |a Phát triển kinh tế thị trường 
260 |b Lý luận chính trị  |c 2005 
300 |a 323tr. ; 
OWN |a LTT 
999 |a From the UDN01 
TYP |a Monograph 
TYP |a Printed language 
980 |a Mạng thư viện Đại học Đà Nẵng